000 00567nam a22002057a 4500
999 _c5284
_d5284
003 OSt
005 20211124105301.0
008 160927b xxu||||| |||| 00| 0 eng d
020 _a 9781848290402
020 _a8122423566
040 _cDDC.
082 _a547.1223Kal 2008
100 _aKAlsi,P.S;
_93701
245 _aStereochemistry:
_bconformation and mechanism
260 _aNew Delhi;
_bNew Age International Limited ,Publishers.
_c2008.
300 _a603p;
_bcol,ill;
_c25cm.
504 _aincludes index.
650 _aChemistry.
_9797
942 _2ddc
_cO_SHELF